Obálka Náhled e-knihy:
Epub
Pro půjčování e-knih musíte být přihlášeni.
Jak si půjčit online?

Nekromantovy kroniky. Temné útočiště /

Princ Martris Dryke disponuje vzácnou rodovou schopností magie a jako Mystik je prostředníkem mezi živými, mrtvými a nemrtvými. Po letech vyhnanství a bojů se zákeřným bratrem Jaredem se Martris nakonec stává novým králem. Jeho země, království Margolan, je však zničená a rozvrácená. Nový pán Temnéh...

Celý popis

Uloženo v:
Série:Nekromantovy kroniky, část 3
Hlavní autor: Martin, Gail Z., 1962- (Autor)
Médium: E-kniha
Jazyk:Czech
Vydáno: Ostrava : Fantom Print, 2012
Vydání:1. vyd.
Témata:
Příbuzné jednotky:Přeloženo z: Dark haven
Z cyklu:: Nekromantovy kroniky
Tagy:
Žádné tagy
LEADER 02417nam a2200433 a 4500
001 292858
003 CZ PrSKC
005 20260407070748.0
007 ta
008 120425s2012 xr a g 000 f cze
015 |a cnb002347806 
020 |a 9788073981631  |q (brož.) 
035 |a (OCoLC)796017951 
040 |a ABA001  |b cze  |d BOA001 
041 1 |a cze  |h eng 
072 7 |a 821.111(73)-3  |x Americká próza  |2 Konspekt 
080 |a 821.111(73)-31  |2 MRF 
080 |a (0:82-312.9)  |2 MRF 
100 1 |a Martin, Gail Z.,  |d 1962-  |7 xx0103290  |4 aut 
245 1 0 |a Nekromantovy kroniky.  |p Temné útočiště /  |c Gail Z. Martin ; [překlad Zuzana Hanešková] 
246 3 0 |a Temné útočiště 
250 |a 1. vyd. 
260 |a Ostrava :  |b Fantom Print,  |c 2012 
300 |a 271 s. :  |b il. ;  |c 21 cm 
500 |a Přeloženo z angličtiny 
500 |a Označení části na hřbetu: III 
520 2 |a Princ Martris Dryke disponuje vzácnou rodovou schopností magie a jako Mystik je prostředníkem mezi živými, mrtvými a nemrtvými. Po letech vyhnanství a bojů se zákeřným bratrem Jaredem se Martris nakonec stává novým králem. Jeho země, království Margolan, je však zničená a rozvrácená. Nový pán Temného útočiště, dříve žoldák a také nechvalně známý pašerák Jonmarc Vahanian, si těžko získává důvěru a oddanost svých poddaných. Upíři vayash moru se vzpouzejí představě smrtelného vládce a dlouholeté příměří mezi smrtelníky a vayash moru by mohlo zle skončit. Na spadnutí je zřejmě nová válka. 
520 2 |a Třetí kniha letopisů Nekromantovy kroniky přivádí čtenáře do světa středověkých reálií, v němž mrtví mohou pomáhat živým. 
655 7 |a americké romány  |7 fd131796  |2 czenas 
655 7 |a fantasy romány  |7 fd184199  |2 czenas 
655 9 |a American fiction  |2 eczenas 
655 9 |a fantasy novels  |2 eczenas 
765 0 |t Dark haven 
787 0 8 |i Z cyklu:  |t Nekromantovy kroniky  |g 3 
900 |a ABA001  |b 18 
044 |a xr 
910 |a RBIT002 
998 |d 6075  |a https://core.palmknihy.cz/api/books/6075/cover?z3ji1q  |b https://core.palmknihy.cz/api/books/6075/cover/400?r2rjxw  |c https://core.palmknihy.cz/api/books/6075/cover/50?4l94pq  |e 2029-02-28  |g 272  |i 9788073981631  |j https://core.palmknihy.cz/api/books/6075/preview.epub  |l   |q 49  |r 1  |s https://www.palmknihy.cz/kniha/6075  |t ebook  |y 2012  |z 0  |v Nekromantovy kroniky  |w 3 
999 |d 292856